Statystyki dla Największe miasta nad Morzem Czarnym

Kliknij tutaj aby rozwiązać quiz!

Ogólne statystyki

  • Ten quiz został rozwiązany 149 razy
  • Średni wynik to 5 z 19

Statystyki odpowiedzi

nr.PopulacjaPaństwoOdpowiedź% Poprawnych
2.1 014 255UkrainaOdessa
88%
8.418 987UkrainaSewastopol
68%
6.472 120BułgariaWarna
65%
9.343 334RosjaSoczi
54%
17.155 000GruzjaBatumi
38%
15.200 271BułgariaBurgas
36%
3.786 326TurcjaTrabzon
32%
4.676 215RumuniaKonstanca
29%
5.485 064UkrainaMikołajów
24%
18.146 559UkrainaKercz
20%
1.1 269 989TurcjaSamsun
19%
11.289 697UkrainaChersoń
16%
12.228 243RosjaNoworosyjsk
16%
13.213 544TurcjaZonguldak
9%
19.105 719UkrainaEupatoria
8%
10.331 041TurcjaRize
8%
14.207 427TurcjaSynopa
8%
16.195 817TurcjaOrdu
5%
7.437 393TurcjaGiresun
4%

Rozkład punktacji

Percentyl według liczby udzielonych odpowiedzi

Procent ludzi z każdym wynikiem

Twoja historia wyników

Nie rozwiązałeś tego quizu